| 000 | 00751cab a2200241 4500 | ||
|---|---|---|---|
| 001 | ABS52557 | ||
| 008 | 090401t1995 xxu||||| |||| 00| 0 eng d | ||
| 035 | _a(Sirsi) u84549 | ||
| 041 | _aeng | ||
| 100 | _aStephenson, K. | ||
| 245 | _aLicensed to ... | ||
| 260 | _c1995 | ||
| 350 | _a0 | ||
| 490 |
_aSolicitors` Journal _v139(9) 10 March 1995, 223(1) |
||
| 520 | _aLooks at the property aspects of deregulation in the brewing industry with an emphasis on tenancy complications, property values, development of pubs and bars, planning issues and market activity. | ||
| 650 | _aLICENCES | ||
| 650 | _aPUBLIC HOUSES | ||
| 650 | _aTIED HOUSES | ||
| 650 | _aTRENDS | ||
| 690 | _aLEISURE AND RECREATION | ||
| 942 | _n0 | ||
| 948 | _c04/03/1997 | ||
| 999 |
_c53137 _d53137 |
||